000 00855cam a2200313 4500
001 J2471
008 090401t1994 xxu||||| |||| 00| 0 eng d
035 _a(Sirsi) u49213
041 _aeng
050 _a333.337016
110 _aHillier Parker Research
_92002
245 _aSecondary property - July 1994
260 _aLondon
_bHillier Parker May and Rowden
_c1994
300 _a(8)p. ; 30cm.
350 _a8
520 _aGives figures from May 1979 to May 1994.
650 _aCAPITAL VALUES
650 _aINDICES
650 _aINDUSTRIAL PROPERTY
650 _aOFFICES
650 _aRENT INDEX
650 _aSECONDARY PROPERTY
650 _aSECONDARY RENT INDEX
650 _aSHOPS
650 _aYIELDS
690 _aPROPERTY-COMMERCIAL PROPERTY-COMMERCIAL PROPERTY FINANCE AND INVESTMENT
942 _n0
948 _c04/03/1997
999 _c92527
_d92527